000
00266nam a2200097Ia 4500
001
675304
005
20250826160939.0
008
250824s9999 xx 000 0 und d
245
0
_a
Adli Araştırmalar Doğa Anlatıyor
_c
Leela Burnscott
260
_b
TÜBİTAK YAYINLARI
999
_c
675304
_d
675304